00897nam a2200205Ia 4500003000900000008004100009020001800050040001600068080002300084111009400107245023500201260004200436300001400478490005100492650004100543650002400584650002400608700003000632700002900662IN-BaIIA211028s9999 xx 000 0 eng d a90-277-2482-2 cIIA Library a52(082.1)bASS-134 aSymposium on Interstellar ProcessescGrand Teton National Park, United States,d1986 July 0aInterstellar processesbproceedings of the symposium on interstellar processes, held in Grand Teton National Park, United States, July 1986cedited by David J.Hollenbach and Harley A.Thronson  aDordrechtbD. Reidel Publishingc1987 axi, 807p. aAstrophysics and space science library; v. 134 aAstronomy and Astrophysics Thesaurus aInterstellar matter aInterstellar medium aHollenbach, David J., ed. aThronson, Harley A., ed.